Neighborhoods of Queens to Map - Statistics

General Stats
  • This quiz has been taken 446 times
  • The average score is 24 of 70
Answers on the Map
Answers color-coded by a green-red scale on the quiz's map according to % correct below.
 
Answer Stats
Answer % Correct
Astoria
80%
Hunters Point/Long Island City
68%
Flushing
66%
Ditmars Steinway
65%
Sunnyside
57%
Jackson Heights
54%
College Point
53%
East Elmhurst
49%
Woodside
49%
Bayside
48%
Whitestone
47%
Broad Channel
46%
Far Rockaway
46%
Little Neck
46%
Maspeth
46%
Breezy Point
44%
Jamaica
44%
Corona
43%
Ridgewood
43%
Bay Terrace
38%
Forest Hills
38%
North Corona
37%
Rockaway Beach
37%
Howard Beach
35%
Middle Village
35%
Rego Park
35%
Willets Point
34%
Arverne
33%
Glendale
33%
Hole, The
33%
Elmhurst
32%
Glen Oaks
32%
Rockaway Park
32%
Auberndale
29%
Kew Gardens
29%
Neponsit
29%
Old Howard Beach
29%
South Jamaica
29%
Bayswater
28%
Floral Park
28%
Hamilton Beach
28%
Jamaica Estates
28%
Kew Gardens Hills
28%
Murray Hill
28%
Richmond Hill
28%
South Ozone Park
28%
Belle Harbor
27%
Edgemere
27%
Ozone Park
27%
Bellerose Manor
25%
Briarwood
25%
Fresh Meadows
25%
Hollis
25%
Rosedale
25%
Jamaica Hills
24%
Lindenwood
24%
Oakland Gardens
24%
South Richmond Hill
24%
Utopia
23%
Woodhaven
23%
Queens Village
22%
Springfield Gardens
22%
Hillcrest
20%
Hollis Hills
20%
Holliswood
20%
Rochdale
19%
St Albans
19%
Laurelton
18%
Brookville
16%
Cambria Heights
16%
No matching quizzes found
Score Distribution
Percent of People with Each Score
Percentile by Number Answered
Your Score History
You have not taken this quiz